[Event "SRB-chT 2nd League East"]
[Site "Knic"]
[Date "2019.09.08"]
[Round "5.7"]
[White "Ristic, Boban"]
[Black "Marjanovic, Miroslav"]
[Result "1/2-1/2"]
[WhiteElo "2049"]
[BlackElo "2092"]
[PlyCount "65"]
[EventDate "2019.09.06"]
[EventType "team-tourn"]
[EventRounds "11"]
[EventCountry "SRB"]
[SourceTitle "EXT 2020"]
[Source "ChessBase"]
[SourceDate "2019.10.17"]
[SourceVersion "1"]
[SourceVersionDate "2019.10.17"]
[SourceQuality "1"]
[WhiteTeam "Nis Svitanja"]
[BlackTeam "Kursumlija"]
[WhiteTeamCountry "SRB"]
[BlackTeamCountry "SRB"]

1. d4 Nf6 2. Nf3 d6 3. Bf4 g6 4. h3 Bg7 5. e3 0-0 6. Nbd2 Nbd7 7. Bc4 Qe8 8. 0-0 e5 9. dxe5 Nxe5 10. Be2 Nfd7 11. c3 b6 12. a4 a5 13. Nxe5 Nxe5 14. Nf3 Bb7 15. Nxe5 dxe5 16. Bg3 Qe7 17. Qb3 h5 18. Rfd1 Rad8 19. Bc4 h4 20. Bh2 Qg5 21. Bf1 Bf3 22. Rxd8 Rxd8 23. Kh1 Bb7 24. Rd1 Rxd1 25. Qxd1 Bf8 26. Qg4 Qf6 27. Kg1 Bd6 28. Bc4 Kg7 29. Qd7 Be4 30. Qg4 Bf5 31. Qf3 Qe7 32. Qd5 Kf8 33. Qa8+ 1/2-1/2

[Event "SRB-chT2 East"]
[Site "Serbia"]
[Date "2018.09.09"]
[Round "4.4"]
[White "Marjanovic, Miroslav"]
[Black "Krstic, Ranko"]
[Result "0-1"]
[WhiteElo "2106"]
[BlackElo "2176"]
[PlyCount "71"]
[EventDate "2018.09.07"]
[EventType "team-tourn"]
[EventRounds "11"]
[EventCountry "SRB"]
[SourceTitle "EXT 2021"]
[Source "ChessBase"]
[SourceDate "2020.10.23"]
[SourceVersion "1"]
[SourceVersionDate "2020.10.23"]
[SourceQuality "1"]
[WhiteTeam "Kursumlija"]
[BlackTeam "Leskovac Glubocica"]
[WhiteTeamCountry "SRB"]
[BlackTeamCountry "SRB"]

1. e4 c5 2. d4 cxd4 3. Nf3 g6 4. Nxd4 Bg7 5. Nc3 Nc6 6. Be3 Nf6 7. f3 0-0 8. g4 d5 9. g5 Nh5 10. exd5 Nxd4 11. Bxd4 e5 12. Be3 f5 13. gxf6 Qxf6 14. Bg2 Nf4 15. Bxf4 exf4 16. 0-0 Qb6+ 17. Kh1 Qxb2 18. Ne4 Qxa1 19. Qxa1 Bxa1 20. Rxa1 Bf5 21. c4 Rfd8 22. Bf1 Kg7 23. Rd1 Rac8 24. Rd4 b6 25. Nf2 g5 26. Bd3 Kf6 27. Ng4+ Bxg4 28. fxg4 Re8 29. d6 Rcd8 30. d7 Re1+ 31. Kg2 Ke7 32. Bf5 h6 33. Rd3 Rf8 34. Ra3 Rf6 35. Rd3 Kd8 36. h4 0-1

[Event "SRB-chT2 East"]
[Site "Serbia"]
[Date "2018.09.07"]
[Round "1.4"]
[White "Ristic, Boban"]
[Black "Marjanovic, Miroslav"]
[Result "1/2-1/2"]
[WhiteElo "2019"]
[BlackElo "2106"]
[PlyCount "45"]
[EventDate "2018.09.07"]
[EventType "team-tourn"]
[EventRounds "11"]
[EventCountry "SRB"]
[SourceTitle "EXT 2021"]
[Source "ChessBase"]
[SourceDate "2020.10.23"]
[SourceVersion "1"]
[SourceVersionDate "2020.10.23"]
[SourceQuality "1"]
[WhiteTeam "Nis Svitanja"]
[BlackTeam "Kursumlija"]
[WhiteTeamCountry "SRB"]
[BlackTeamCountry "SRB"]

1. d4 Nf6 2. Nf3 e6 3. c3 b6 4. Bf4 Be7 5. h3 0-0 6. e3 Bb7 7. Nbd2 d5 8. Bd3 Ne4 9. 0-0 Nd7 10. Qc2 f5 11. Ne5 Nxd2 12. Qxd2 Bd6 13. Nxd7 Qxd7 14. Bxd6 cxd6 15. Qe2 e5 16. f4 Rae8 17. Bb5 Bc6 18. Bxc6 Qxc6 19. Qa6 exd4 20. exd4 Re4 21. Rf3 Rfe8 22. Raf1 R8e7 23. R1f2 1/2-1/2

[Event "SRB-chT2 East"]
[Site "Serbia"]
[Date "2017.10.07"]
[Round "9.1"]
[White "Marjanovic, Miroslav"]
[Black "Velickovic, Dusan"]
[Result "1-0"]
[WhiteElo "2107"]
[BlackElo "1970"]
[PlyCount "103"]
[EventDate "2017.09.08"]
[EventType "team-tourn"]
[EventRounds "11"]
[EventCountry "SRB"]
[SourceTitle "EXT 2022"]
[Source "ChessBase"]
[SourceDate "2021.10.06"]
[SourceVersion "1"]
[SourceVersionDate "2021.10.06"]
[SourceQuality "1"]

1. e4 d5 2. exd5 Qxd5 3. Nc3 Qa5 4. d3 c6 5. g3 Nf6 6. h3 Bf5 7. Bg2 e6 8. Nge2 Bd6 9. 0-0 0-0 10. Bd2 Qd8 11. Ne4 Be7 12. Rb1 a5 13. a3 a4 14. Nxf6+ Bxf6 15. Bc3 Nd7 16. Qd2 Qc7 17. Bxf6 Nxf6 18. Qf4 Qxf4 19. Nxf4 Nd5 20. Nxd5 cxd5 21. g4 Bg6 22. f4 Rac8 23. Rf2 f6 24. Re1 Bf7 25. d4 Rfe8 26. c3 Kf8 27. Rfe2 Rc7 28. Re3 b6 29. Bf1 Ree7 30. Kf2 f5 31. Bd3 g6 32. Ke2 Be8 33. Kd2 Kf7 34. g5 Bc6 35. h4 Ra7 36. h5 Ra8 37. hxg6+ hxg6 38. Rh1 Rg8 39. Rh6 Ke8 40. Reh3 Reg7 41. Rh8 Kf7 42. R3h7 Rxh7 43. Rxh7+ Rg7 44. Rxg7+ Kxg7 45. c4 Kf7 46. Kc3 Ke7 47. cxd5 Bxd5 48. Kb4 Be4 49. Bc4 Bc6 50. Bb5 Kd6 51. Kxa4 Bxb5+ 52. Kxb5 1-0

[Event "SRB-chT2 East"]
[Site "Vrnjacka Banja"]
[Date "2015.10.09"]
[Round "8.37"]
[White "Dubravcic, Nikola"]
[Black "Marjanovic, Miroslav"]
[Result "0-1"]
[WhiteElo "1862"]
[BlackElo "2100"]
[PlyCount "112"]
[EventDate "2015.08.28"]
[EventType "team-tourn"]
[EventRounds "11"]
[EventCountry "SRB"]
[SourceTitle "EXT 2022"]
[Source "ChessBase"]
[SourceDate "2021.10.06"]
[SourceVersion "1"]
[SourceVersionDate "2021.10.06"]
[SourceQuality "1"]

1. e4 d6 2. d4 Nf6 3. Nc3 g6 4. Nf3 Bg7 5. Be3 Bg4 6. Be2 Nc6 7. 0-0 Bxf3 8. Bxf3 e5 9. d5 Ne7 10. Qd2 0-0 11. Rad1 Nd7 12. Bh6 f5 13. Bxg7 Kxg7 14. exf5 gxf5 15. Be2 Ng6 16. Bb5 Rf7 17. Bxd7 Rxd7 18. Ne2 f4 19. Nc3 Kh8 20. Qd3 Rg7 21. Rd2 Qe7 22. Qh3 Rf8 23. f3 Nh4 24. Ne4 Nf5 25. Rff2 Rg6 26. g4 Ne3 27. Kh1 Qf7 28. Qh5 Rfg8 29. h4 R8g7 30. Ng5 Qg8 31. Ne4 Nxd5 32. c4 Ne3 33. b3 Qe6 34. Ng5 Qf6 35. Ne4 Qe6 36. Ng5 Qe8 37. Ne4 Re6 38. Qxe8+ Rxe8 39. Nf6 Rd8 40. Rd3 Rf7 41. Ne4 d5 42. Rfd2 c6 43. Nf6 Re7 44. Kg1 h6 45. Nh5 Rg8 46. Kf2 e4 47. fxe4 dxe4 48. Rd8 Nxg4+ 49. Ke1 f3 50. Nf4 f2+ 51. Ke2 Rxd8 52. Rxd8+ Kh7 53. Nh3 Rf7 54. Rd1 Rf3 55. Rh1 Re3+ 56. Kd2 Rxh3 0-1

[Event "BIH-chT 11th"]
[Site "Jahorina"]
[Date "2012.06.05"]
[Round "4.2"]
[White "Stojanovic, Dalibor"]
[Black "Marjanovic, Miroslav"]
[Result "1-0"]
[WhiteElo "2485"]
[BlackElo "2075"]
[PlyCount "75"]
[EventDate "2012.06.02"]
[EventType "team-tourn"]
[EventRounds "9"]
[EventCountry "BIH"]
[SourceTitle "CBM 148 Extra"]
[Source "ChessBase"]
[SourceDate "2012.06.22"]
[SourceVersion "1"]
[SourceVersionDate "2012.06.22"]
[SourceQuality "1"]
[WhiteTeam "Sarajevo Bosna"]
[BlackTeam "Vitez"]
[WhiteTeamCountry "BIH"]
[BlackTeamCountry "BIH"]

1. e4 d6 2. d4 Nf6 3. f3 h5 4. c4 c6 5. Nc3 Nbd7 6. Nh3 e5 7. d5 c5 8. Be3 Be7 9. Nf2 Nf8 10. a3 Ng6 11. h4 Nd7 12. g3 Qa5 13. Nd3 a6 14. b4 Qc7 15. bxc5 Nxc5 16. Nxc5 dxc5 17. Qd2 Bd6 18. Be2 Bd7 19. a4 Rb8 20. a5 b6 21. axb6 Rxb6 22. 0-0 0-0 23. Rfb1 Rfb8 24. Rxb6 Rxb6 25. Bd3 Qb8 26. Nd1 Bc8 27. Qf2 Qc7 28. Bd2 Rb4 29. Ne3 Nf8 30. Nc2 Nd7 31. Bf1 Nb6 32. Nxb4 cxb4 33. Be3 Nd7 34. c5 Nxc5 35. Rc1 b3 36. Bxc5 b2 37. Qxb2 Bxc5+ 38. Kh1 1-0

[Event "SRB-chT2 East"]
[Site "Serbia"]
[Date "2007.10.18"]
[Round "7.5"]
[White "Marjanovic, Miroslav"]
[Black "Illijin, Neboisa"]
[Result "0-1"]
[WhiteElo "2093"]
[BlackElo "2250"]
[PlyCount "70"]
[EventDate "2007.09.09"]
[EventType "team"]
[EventRounds "11"]
[EventCountry "SRB"]
[SourceTitle "EXT 2012"]
[Source "ChessBase"]
[SourceDate "2011.11.24"]
[SourceVersion "1"]
[SourceVersionDate "2011.11.24"]
[SourceQuality "1"]
[WhiteTeam "Nis Telekom"]
[BlackTeam "Jagodina Kablovi"]
[WhiteTeamCountry "SRB"]
[BlackTeamCountry "SRB"]

1. e4 c5 2. Nf3 e6 3. d4 cxd4 4. Nxd4 a6 5. Bd3 Qc7 6. 0-0 Nf6 7. Qe2 d6 8. a4 b6 9. Be3 Bb7 10. Nd2 Nbd7 11. N4b3 Be7 12. f4 e5 13. Kh1 0-0 14. c3 Rfe8 15. fxe5 Nxe5 16. Bc2 Bf8 17. Bg5 Nfd7 18. Nd4 Nc5 19. Bf4 Rad8 20. Rae1 Qd7 21. Nc4 Nxc4 22. Qxc4 Nxe4 23. Bxe4 Rxe4 24. Rxe4 Bxe4 25. Qxa6 Ra8 26. Qb5 Qg4 27. Bg3 h5 28. Qb3 d5 29. Nf3 Bc5 30. Qd1 f6 31. b4 g5 32. Nd4 Qxd1 33. Rxd1 h4 34. Be1 h3 35. Nf3 hxg2+ 0-1